00299nam a2200133Ia 45000030006000000080041000060400015000471000020000622450024000822600024001063000006001305460012001360050017001480STCL150530s9999 xx 000 0 und d aSTCLcSTCL aWodehouse, P.G. aWeek- End Wodehouse bReaders Unionc1940 a0 aEnglish20220125171034.0